The noble scholar, jurist, historian


 His Excellency Dr. Abdul Wahhab bin Ibrahim Abu Sulaiman, may Allah have mercy on him.


 He was born in Umm Al-Qura in the year 1356 AH.

طوابع البريد : (Record no. 13904)

MARC details
000 -LEADER
fixed length control field 02115cam a2200337 i 4500
003 - CONTROL NUMBER IDENTIFIER
control field SA-RiAUC
005 - DATE AND TIME OF LATEST TRANSACTION
control field 20260106120445.0
008 - FIXED-LENGTH DATA ELEMENTS--GENERAL INFORMATION
fixed length control field 260105s1999 su o g f01000 ara c
020 ## - INTERNATIONAL STANDARD BOOK NUMBER
International Standard Book Number 9960660621
024 0# - OTHER STANDARD IDENTIFIER
Standard number or code 33000000003078
024 0# - OTHER STANDARD IDENTIFIER
Standard number or code 00000000351770
040 ## - CATALOGING SOURCE
Original cataloging agency SA-JeALM
Language of cataloging ara
Transcribing agency SA-RiAUC
Modifying agency KAC
Description conventions rda
043 ## - GEOGRAPHIC AREA CODE
Geographic area code a-su---
050 #0 - LIBRARY OF CONGRESS CALL NUMBER
Item number S24 1999
082 04 - DEWEY DECIMAL CLASSIFICATION NUMBER
Classification number 769.569531
Assigning agency SA-RiAUC
090 ## - LOCALLY ASSIGNED LC-TYPE CALL NUMBER (OCLC); LOCAL CALL NUMBER (RLIN)
Classification number (OCLC) (R) ; Classification number, CALL (RLIN) (NR) 769.569531
Local cutter number (OCLC) ; Book number/undivided call number, CALL (RLIN) ص ف د
100 1# - MAIN ENTRY--PERSONAL NAME
Personal name صفدر، محمد كمال
Relator term مؤلف.
245 10 - TITLE STATEMENT
Title طوابع البريد :
Remainder of title وثائق عايشت تأسيس المملكة العربية السعودية /
Statement of responsibility, etc. تأليف محمد كمال صفدر.
264 #1 - PRODUCTION, PUBLICATION, DISTRIBUTION, MANUFACTURE, AND COPYRIGHT NOTICE
Place of production, publication, distribution, manufacture السعودية :
Name of producer, publisher, distributor, manufacturer الأمانة العامة للاحتفال بمرور مائة عام على تأسيس المملكة،
Date of production, publication, distribution, manufacture, or copyright notice 1999
300 ## - PHYSICAL DESCRIPTION
Extent 95 صفحة :
Other physical details صور ؛
Dimensions 24 سم.
336 ## - CONTENT TYPE
Content type term نص
Content type code txt
Source rdacontent
Materials specified كتاب
337 ## - MEDIA TYPE
Media type term بدون وسيط
Media type code n
Source rdamedia
338 ## - CARRIER TYPE
Carrier type term مجلد
Carrier type code nc
Source rdacarrier
490 1# - SERIES STATEMENT
Series statement سلسلة الاحتفال بمرور مائة عام على تأسيس المملكة العربية السعودية
504 ## - BIBLIOGRAPHY, ETC. NOTE
Bibliography, etc. note ببليوجرافية : صفحة 93-94.
505 0# - FORMATTED CONTENTS NOTE
Formatted contents note المحتويات : الفصل الاول : الملك عبد العزيز مولده ونشأته وصفاته القيادية-الفصل الثاني : الأحداث التاريخية المصاحبة لمسيرة التأسيس : أبرز أحداث عام 1319 هـ / 1902 م، أبرز أحداث الأعوام من 1320-1322 هـ / 1902-1904 م، أبرز أحداث عامي 1324-1325 هـ / 1906-1907 م، أبرز أحداث الأعوام من 1331-1337 هـ / 1913-1999 م، أبرز أحداث عامي 1338-1339 هـ / 1920-1921 م ... وموضوعات أخرى.
650 #7 - SUBJECT ADDED ENTRY--TOPICAL TERM
Topical term or geographic name entry element طوابع البريد
Geographic subdivision السعودية
Form subdivision مصادر
Source of heading or term aucsh
830 #0 - SERIES ADDED ENTRY--UNIFORM TITLE
Uniform title سلسلة الاحتفال بمرور مائة عام على تأسيس المملكة العربية السعودية (دارة الملك عبد العزيز)
942 ## - ADDED ENTRY ELEMENTS (KOHA)
Source of classification or shelving scheme Dewey Decimal Classification
Koha item type Books
Suppress in OPAC No
949 ## - LOCAL PROCESSING INFORMATION (OCLC)
a SA-JeALM
d 260105
u osman123
n 1
Holdings
Withdrawn status Lost status Source of classification or shelving scheme Damaged status Not for loan Home library Current library Date acquired Total checkouts Full call number Barcode Date last seen Price effective from Koha item type
    Dewey Decimal Classification     DR AbdElwahab Library DR AbdElwahab Library 01/06/2026   769.569531 ص ف د 000022264 01/06/2026 01/06/2026 Books